| 000 | 00497cam a2200181 a 4500 | ||
|---|---|---|---|
| 020 | _a0072951869 | ||
| 040 | _cDLC | ||
| 082 | 0 | 4 | _a616 MCG 2004 A048 Or. |
| 100 | 1 | _aVitkus, John. | |
| 245 | 1 | 0 | _aCasebook in abnormal psychology / |
| 250 | _a5th ed. | ||
| 260 |
_aBoston : _bMcGraw-Hill College, _cc2004. |
||
| 300 |
_axii, 238 p. ; _c24 cm. |
||
| 650 | 0 | _aPsychology, Pathological | |
| 650 | 0 | _aMental illness | |
| 856 | 4 | 1 | _uhttp://www.loc.gov/catdir/toc/mh041/2004269770.html |
| 942 | _cEK | ||
| 999 |
_c13833 _d13833 |
||